Avances de Investigación/
Guardado en:
| Institution som forfatter: | |
|---|---|
| Format: | Bog |
| Sprog: | Spanish |
| Udgivet: |
San José, Costa Rica
Proyecto de Historia Social y Económica de Costa Rica
|
| Fag: | |
| Tags: |
Tilføj Tag
Ingen Tags, Vær først til at tagge denne postø!
|
MARC
| LEADER | 00000nam a22000007a 4500 | ||
|---|---|---|---|
| 003 | cru CIDCACS/IIS | ||
| 005 | 20201023100313.0 | ||
| 007 | ta | ||
| 008 | 201023n cr |||||r||||||0| | spa|d | ||
| 999 | |c 43451 |d 43451 | ||
| 040 | |c CRAI/IIS |a CRAI/IIS | ||
| 090 | |a REV0060 | ||
| 110 | 2 | |9 9678 |a Proyecto de Historia Social y Económica de Costa Rica | |
| 245 | 1 | |a Avances de Investigación/ |c Proyecto de Historia Social y Económica de Costa Rica. Universidad de Costa Rica y Universidad Nacional | |
| 260 | |a San José, Costa Rica |b Proyecto de Historia Social y Económica de Costa Rica | ||
| 270 | |a Ciudad Universitaria Rodrigo Facio. |b Montes de Oca, San José |d Costa Rica |e Apdo. 49 Código 2060 | ||
| 500 | |a EXISTENCIAS : 1977-1978 (2-3, 6-8) 1979 (9) ESTADO DEL REGISTRO: Ya no se recibe | ||
| 650 | 1 | 0 | |9 625 |a HISTORIA SOCIAL |
| 650 | 1 | 4 | |a HISTORIA ECONOMICA |9 5915 |
| 651 | 1 | 0 | |9 32 |a COSTA RICA |
| 942 | |2 ddc |c PP | ||
